New trends in biological chemistry : in honor of professor Kunio Yagi on the occasion of the 70th Brithday anniversary

Na minha lista:
Detalhes bibliográficos
Formato: Livro
Idioma:Undetermined
Publicado em: Tokyo Japan scientific societies press 1991
Assuntos:
Tags: Adicionar Tag
Sem tags, seja o primeiro a adicionar uma tag!
Thư viện lưu trữ: Trung tâm Học liệu Trường Đại học Cần Thơ
LEADER 00572nam a2200181Ia 4500
001 CTU_127217
008 210402s9999 xx 000 0 und d
082 |a 572 
082 |b N532 
245 0 |a New trends in biological chemistry : 
245 0 |b in honor of professor Kunio Yagi on the occasion of the 70th Brithday anniversary 
245 0 |c Edited by Takayuki Ozawa 
260 |a Tokyo 
260 |b Japan scientific societies press 
260 |c 1991 
650 |a Biological chemistry 
904 |i Hiếu 
980 |a Trung tâm Học liệu Trường Đại học Cần Thơ